Clean and efficient extraction of copper ions and deposition as metal; Resource-Efficient Technologies; Vol. 1, Iss. 1

Bibliographic Details
Parent link:Resource-Efficient Technologies: electronic scientific journal/ National Research Tomsk Polytechnic University (TPU).— , 2015-.— 2405-6537
Vol. 1, Iss. 1.— 2015.— [P. 28-33]
Main Author: Elsentriecy H. H. Hassan
Other Authors: Jalbout A. F. Abraham, Gervasio D. F. Dominic
Summary:Title screen
A simple, clean and efficient one-pot process is offered as an alternative to the conventional complex processing presently used to extract copper ions from copper containing materials, like copper concentrate or slag, and to form copper metal. The alternative process uses a eutectic molten salt of potassium chloride, sodium chloride and zinc chloride as the reaction fluid which is recyclable, low in cost, environmentally benign, low melting (melting point 204°), high boiling (vapor pressure is only a few psi at 800°) and chemically, thermally and physically stable. The metal completely dissolves out of copper concentrate or slag in the aerobic eutectic molten chloride salt in a graphite or glassy carbon pot, which serves as a cathode, with a graphite anode, to reduce the metal ions to metal which sinks to the bottom of the graphite pot. The total efficiency for extraction and deposition is virtually 100% as determined by elemental and gravimetric analyses.
Language:English
Published: 2015
Subjects:
Online Access:http://earchive.tpu.ru/handle/11683/50191
Format: MixedMaterials Electronic Book Chapter
KOHA link:https://koha.lib.tpu.ru/cgi-bin/koha/opac-detail.pl?biblionumber=553601

MARC

LEADER 00000naa2a2200000 4500
001 553601
005 20231101121322.0
035 |a (RuTPU)RU\TPU\prd\247463 
035 |a RU\TPU\prd\247459 
090 |a 553601 
100 |a 20151207a2015 k y0rusy50 ba 
101 0 |a eng 
102 |a RU 
135 |a drcn ---uucaa 
200 1 |a Clean and efficient extraction of copper ions and deposition as metal  |b Electronic resource  |f H. H. Elsentriecy, A. F. Jalbout, D. F. Gervasio 
203 |a Text  |c electronic 
300 |a Title screen 
320 |a [References: 7 tit.)] 
330 |a A simple, clean and efficient one-pot process is offered as an alternative to the conventional complex processing presently used to extract copper ions from copper containing materials, like copper concentrate or slag, and to form copper metal. The alternative process uses a eutectic molten salt of potassium chloride, sodium chloride and zinc chloride as the reaction fluid which is recyclable, low in cost, environmentally benign, low melting (melting point 204°), high boiling (vapor pressure is only a few psi at 800°) and chemically, thermally and physically stable. The metal completely dissolves out of copper concentrate or slag in the aerobic eutectic molten chloride salt in a graphite or glassy carbon pot, which serves as a cathode, with a graphite anode, to reduce the metal ions to metal which sinks to the bottom of the graphite pot. The total efficiency for extraction and deposition is virtually 100% as determined by elemental and gravimetric analyses. 
461 1 |0 (RuTPU)RU\TPU\prd\247369  |x 2405-6537  |t Resource-Efficient Technologies  |o electronic scientific journal  |f National Research Tomsk Polytechnic University (TPU)  |d 2015- 
463 1 |0 (RuTPU)RU\TPU\prd\247384  |t Vol. 1, Iss. 1  |v [P. 28-33]  |d 2015 
610 1 |a труды учёных ТПУ 
610 1 |a электронный ресурс 
610 1 |a медь 
610 1 |a экстракция 
610 1 |a осаждение 
610 1 |a переработка 
700 1 |a Elsentriecy  |b H. H.  |g Hassan 
701 1 |a Jalbout  |b A. F.  |g Abraham 
701 1 |a Gervasio  |b D. F.  |g Dominic 
801 1 |a RU  |b 63413507  |c 20090623  |g PSBO 
801 2 |a RU  |b 63413507  |c 20180830  |g PSBO 
856 4 |u http://earchive.tpu.ru/handle/11683/50191 
942 |c BK